000 01216 a2200253 4500
001 50689
005 20260407155802.0
008 260407a2019 arg spa d
003 AR-UNSa-BCEJYS
040 _aAR-UNSa-BCEJYS
_bspa
_cAR-UNSa-BCEJYS
080 _a339.5
_xComercio exterior. Comercio Internacional
245 1 0 _aPerspectivas del comercio internacional de América Latin y el Caribe
_pEl adverso contexto mundial profundiza el rezago de la región
020 _a978-92-1-122026-1
264 1 _aSantiago de Chile :
_bCEPAL (Comisión Económica para América Latina y el Caribe)
_c2019
300 _a193 p.
_c27 cm.
505 _a1. Se agravan las tensiones comerciales y cae el comercio regional - 2. Hacia una mayor contribución del comercio a la sostenibilidad ambiental - 3. Logística e infraestructura para el comercio, la producción y la integración.
041 _aspa
942 _cBK
590 _aniveau_biblio:m niveau_hierar:0
100 1 _aNaciones Unidas. Comisión Económica para América Latina y el Caribe (CEPAL)
700 1 _aCimoli, Mario
700 1 _aInoue, Keiji
856 4 1 _uhttps://www.biblioeco.unsa.edu.ar/pmb/images/libros/L128255.jpg
_yImagen de portada
_qimage/jpeg
999 _c5001
_d5001